header

Statistical methods for psychology / (Record no. 255951)

MARC details
000 -LEADER
fixed length control field 01442cam a2200313 a 4500
001 - CONTROL NUMBER
control field 12231333
003 - CONTROL NUMBER IDENTIFIER
control field OSt
005 - DATE AND TIME OF LATEST TRANSACTION
control field 20170302125942.0
008 - FIXED-LENGTH DATA ELEMENTS--GENERAL INFORMATION
fixed length control field 001115s2002 caua b 001 0 eng
010 ## - LIBRARY OF CONGRESS CONTROL NUMBER
LC control number 00066738
020 ## - INTERNATIONAL STANDARD BOOK NUMBER
International Standard Book Number 053437770X
040 ## - CATALOGING SOURCE
Original cataloging agency DLC
Transcribing agency DLC
Modifying agency DLC
050 00 - LIBRARY OF CONGRESS CALL NUMBER
Classification number BF39
Item number .H69 2002
082 00 - DEWEY DECIMAL CLASSIFICATION NUMBER
Classification number 519.5/02415
Edition number 21
100 1# - MAIN ENTRY--PERSONAL NAME
Personal name Howell, David C.
245 10 - TITLE STATEMENT
Title Statistical methods for psychology /
Statement of responsibility, etc David C. Howell.
250 ## - EDITION STATEMENT
Edition statement 5th ed.
260 ## - PUBLICATION, DISTRIBUTION, ETC. (IMPRINT)
Place of publication, distribution, etc Pacific Grove, CA :
Name of publisher, distributor, etc Duxbury/Thomson Learning,
Date of publication, distribution, etc c2002.
300 ## - PHYSICAL DESCRIPTION
Extent xiv, 802 p. :
Other physical details ill. ;
Dimensions 24 cm. +
Accompanying material 1 computer optical disc (4 3/4 in.)
504 ## - BIBLIOGRAPHY, ETC. NOTE
Bibliography, etc Includes bibliographical references (p. 763-772) and index.
538 ## - SYSTEM DETAILS NOTE
System details note System requirements for accomanying CD-ROM: Pentium or later processcor; Windows 98, 95, or Windows NT 3.5.1 or later.
650 #0 - SUBJECT ADDED ENTRY--TOPICAL TERM
Topical term or geographic name as entry element Psychometrics.
856 42 - ELECTRONIC LOCATION AND ACCESS
Materials specified Contributor biographical information
Uniform Resource Identifier <a href="http://www.loc.gov/catdir/enhancements/fy1515/00066738-b.html">http://www.loc.gov/catdir/enhancements/fy1515/00066738-b.html</a>
Materials specified Publisher description
Uniform Resource Identifier <a href="http://www.loc.gov/catdir/enhancements/fy1515/00066738-d.html">http://www.loc.gov/catdir/enhancements/fy1515/00066738-d.html</a>
Materials specified Table of contents only
Uniform Resource Identifier <a href="http://www.loc.gov/catdir/enhancements/fy1515/00066738-t.html">http://www.loc.gov/catdir/enhancements/fy1515/00066738-t.html</a>
906 ## - LOCAL DATA ELEMENT F, LDF (RLIN)
a 7
b cbc
c orignew
d 1
e ocip
f 20
g y-gencatlg
942 ## - ADDED ENTRY ELEMENTS (KOHA)
Source of classification or shelving scheme Library of Congress Classification
Koha item type Long Loan Books
Holdings
Withdrawn status Lost status Source of classification or shelving scheme Damaged status Not for loan Collection code Home library Current library Shelving location Date acquired Total Checkouts Full call number Barcode Date last seen Price effective from Koha item type Source of acquisition
    Library of Congress Classification     Non-fiction Rongo University Library Rongo University Library General Stacks 02/03/2017   BF39 .H69 2002 201610510 02/03/2017 02/03/2017 Long Loan Books  
    Library of Congress Classification     Non-fiction Rongo University Library Rongo University Library General Stacks 08/04/2026   BF39 .H69 2002 20261573 08/04/2026 08/04/2026 Long Loan Books Books for Africa, Donation

© 2026 Rongo University
Contact us: librarian | system librarian | Rongo university